| 000 | 00442cam a2200181 4500 | ||
|---|---|---|---|
| 001 | D3645 | ||
| 008 | 090401t1980 xxu||||| |||| 00| 0 eng d | ||
| 035 | _a(Sirsi) u74284 | ||
| 041 | _aeng | ||
| 050 | _a692.8 | ||
| 110 |
_aThe Faculty of Architects and Surveyors _9395 |
||
| 245 | _aMinor works contract 1980 edition | ||
| 260 |
_aChippenham Wilts _bFAS _c1980 |
||
| 300 | _a7p. 30cm | ||
| 350 | _a2 | ||
| 942 | _n0 | ||
| 948 | _c04/03/1997 | ||
| 999 |
_c95800 _d95800 |
||